<?xml version="1.0" encoding="UTF-8"?>
<record
    xmlns:xsi="http://www.w3.org/2001/XMLSchema-instance"
    xsi:schemaLocation="http://www.loc.gov/MARC21/slim http://www.loc.gov/standards/marcxml/schema/MARC21slim.xsd"
    xmlns="http://www.loc.gov/MARC21/slim">

  <leader>00649nam a22001217a 4500</leader>
  <datafield tag="040" ind1=" " ind2=" ">
    <subfield code="c">RUA</subfield>
  </datafield>
  <datafield tag="082" ind1=" " ind2=" ">
    <subfield code="a">DVM KHA 2025 B707 Or.1</subfield>
  </datafield>
  <datafield tag="100" ind1=" " ind2=" ">
    <subfield code="a">KHAY RATANA, &#x1781;&#x17C3; &#x179A;&#x178F;&#x1793;&#x17B6;</subfield>
  </datafield>
  <datafield tag="245" ind1=" " ind2=" ">
    <subfield code="a">Case Of Fungal infection on feline at veterinary clinic in sangkat boeng keng kang 1, khan boeng keng kang, phnom penh, &#x1780;&#x179A;&#x178E;&#x17B8;&#x1787;&#x17C6;&#x1784;&#x17BA;&#x1795;&#x17D2;&#x179F;&#x17B7;&#x178F;&#x179B;&#x17BE;&#x179F;&#x17D2;&#x1794;&#x17C2;&#x1780;&#x1796;&#x17B7;&#x17A1;&#x17B6;&#x179A; &#x1793;&#x17C5;&#x1782;&#x17D2;&#x179B;&#x17B8;&#x1793;&#x17B7;&#x1780;&#x179F;&#x178F;&#x17D2;&#x179C; &#x1780;&#x17D2;&#x1793;&#x17BB;&#x1784;&#x179F;&#x1784;&#x17D2;&#x1780;&#x17B6;&#x178F;&#x17CB;&#x1794;&#x17B9;&#x1784;&#x1780;&#x17C1;&#x1784;&#x1780;&#x1784;&#x17E1;&#x200B; &#x1781;&#x178E;&#x17D2;&#x178C;&#x1794;&#x17B9;&#x1784;&#x1780;&#x17C1;&#x1784;&#x1780;&#x1784; &#x179A;&#x17B6;&#x1787;&#x1792;&#x17B6;&#x1793;&#x17B8;&#x1797;&#x17D2;&#x1793;&#x17C6;&#x1796;&#x17C1;&#x1789;</subfield>
  </datafield>
  <datafield tag="260" ind1=" " ind2=" ">
    <subfield code="a">PHNOM PENH</subfield>
    <subfield code="b">RUA</subfield>
    <subfield code="c">2025</subfield>
  </datafield>
  <datafield tag="300" ind1=" " ind2=" ">
    <subfield code="a">x,39p.</subfield>
    <subfield code="b">ill.</subfield>
  </datafield>
  <datafield tag="942" ind1=" " ind2=" ">
    <subfield code="c">NRM</subfield>
  </datafield>
  <datafield tag="999" ind1=" " ind2=" ">
    <subfield code="c">25682</subfield>
    <subfield code="d">25682</subfield>
  </datafield>
  <datafield tag="952" ind1=" " ind2=" ">
    <subfield code="0">0</subfield>
    <subfield code="1">0</subfield>
    <subfield code="4">0</subfield>
    <subfield code="6">DVM_KHA_2025_000000000000000_B707_OR_1</subfield>
    <subfield code="7">0</subfield>
    <subfield code="9">106198</subfield>
    <subfield code="a">LBB</subfield>
    <subfield code="b">LBB</subfield>
    <subfield code="c">B707</subfield>
    <subfield code="d">2026-04-07</subfield>
    <subfield code="o">DVM KHA 2025 B707 Or.1</subfield>
    <subfield code="p">B712093</subfield>
    <subfield code="r">2026-04-07</subfield>
    <subfield code="y">NRM</subfield>
  </datafield>
  <datafield tag="952" ind1=" " ind2=" ">
    <subfield code="0">0</subfield>
    <subfield code="1">0</subfield>
    <subfield code="4">0</subfield>
    <subfield code="6">DVM_KHA_2025_000000000000000_B707_OR_2</subfield>
    <subfield code="7">0</subfield>
    <subfield code="9">106199</subfield>
    <subfield code="a">LBB</subfield>
    <subfield code="b">LBB</subfield>
    <subfield code="c">B707</subfield>
    <subfield code="d">2026-04-07</subfield>
    <subfield code="o">DVM KHA 2025 B707 Or.2</subfield>
    <subfield code="p">B712096</subfield>
    <subfield code="r">2026-04-07</subfield>
    <subfield code="y">NRM</subfield>
  </datafield>
</record>
